MARC details
| 000 -CABECERA |
| campo de control de longitud fija |
01955nam a2200337 i 4500 |
| 003 - IDENTIFICADOR DEL NÚMERO DE CONTROL |
| campo de control |
DO-SdBNP |
| 005 - FECHA Y HORA DE LA ÚLTIMA TRANSACCIÓN |
| campo de control |
20260515121121.0 |
| 006 - CÓDIGOS DE INFORMACIÓN DE LONGITUD FIJA--CARACTERÍSTICAS DEL MATERIAL ADICIONAL |
| campo de control de longitud fija |
a||||gr|||| 00| 0 |
| 007 - CAMPO FIJO DE DESCRIPCIÓN FÍSICA--INFORMACIÓN GENERAL |
| campo de control de longitud fija |
ta |
| 008 - DATOS DE LONGITUD FIJA--INFORMACIÓN GENERAL |
| campo de control de longitud fija |
231123e2018 dr abc|| |||| 00| e spa d |
| 020 ## - NÚMERO INTERNACIONAL ESTÁNDAR DEL LIBRO |
| Número Internacional Estándar del Libro |
9789945481860 |
| 040 ## - FUENTE DE LA CATALOGACIÓN |
| Centro catalogador/agencia de origen |
DO-SdBNP |
| Lengua de catalogación |
spa |
| Centro/agencia transcriptor |
BNPHU |
| Normas de descripción |
rda |
| 041 ## - CÓDIGO DE LENGUA |
| Código de lengua del texto/banda sonora o título independiente |
spa |
| 082 #4 - NÚMERO DE LA CLASIFICACIÓN DECIMAL DEWEY |
| Número de clasificación |
324.27293 |
| Número de documento/Ítem |
N964s |
| Número de edición |
22 |
| 245 10 - MENCIÓN DE TÍTULO |
| Título |
Si no somos nosotros... / |
| Mención de responsabilidad, etc. |
Charlie Núñez ; prólogo, Reinaldo Pared Pérez |
| 250 ## - MENCIÓN DE EDICIÓN |
| Mención de edición |
Segunda edición |
| 264 #1 - PRODUCCIÓN, PUBLICACIÓN, DISTRIBUCIÓN, FABRICACIÓN Y COPYRIGHT |
| Producción, publicación, distribución, fabricación y copyright |
Santo Domingo, República Dominicana : |
| Nombre del de productor, editor, distribuidor, fabricante |
Impresión Editora Centenario, |
| Fecha de producción, publicación, distribución, fabricación o copyright |
2018. |
| 300 ## - DESCRIPCIÓN FÍSICA |
| Extensión |
859 páginas : |
| Otras características físicas |
ilustraciones, mapa, retratos ; |
| Dimensiones |
24 cm. |
| 336 ## - TIPO DE CONTENIDO |
| Término de tipo de contenido |
texto |
| Código de tipo de contenido |
txt |
| Fuente |
rdacontent |
| 337 ## - TIPO DE MEDIO |
| Nombre/término del tipo de medio |
sin mediación |
| Código del tipo de medio |
n |
| Fuente |
rdamedia |
| 338 ## - TIPO DE SOPORTE |
| Nombre/término del tipo de soporte |
volumen |
| Código del tipo de soporte |
nc |
| Fuente |
rdacarrier |
| 500 ## - NOTA GENERAL |
| Nota general |
Incluye datos biográficos del autor en la solapa de la contracubierta. |
| 505 ## - NOTA DE CONTENIDO CON FORMATO |
| Nota de contenido con formato |
Presentación.-- Agradecimientos.-- Dedicatoria.-- Prólogo.-- Preliminar. |
| Información miscelánea |
Capítulo I |
| Título |
El PLD: un poco de historia.-- |
| Información miscelánea |
Capítulo II |
| Título |
Los Símbolos del PLD.-- |
| Información miscelánea |
Capítulo III |
| Título |
Ser del PLD.-- |
| Información miscelánea |
Capítulo IV |
| Título |
Los Círculos de Estudios.-- |
| Información miscelánea |
Capítulo V |
| Título |
Escuela de Cuadros y Activistas.-- |
| Información miscelánea |
Capítulo VI |
| Título |
Los Comités Intermedios.-- |
| Información miscelánea |
Capítulo VII. |
| Título |
La Seccionales del PLD.-- |
| Información miscelánea |
Capítulo VIII |
| Título |
El PLD en las Provincias.-- |
| Información miscelánea |
Capítulo IX |
| Título |
Los Congresos y los Comités Centrales.-- |
| Información miscelánea |
Capítulo X |
| Título |
Presidentes y Secretarios Generales del PLD.-- |
| Información miscelánea |
Capítulo XI |
| Título |
La Seguridad del Partido.-- |
| Información miscelánea |
Capítulo XII |
| Título |
La Mata'e Limoncillo.-- |
| Información miscelánea |
Capítulo XIII |
| Título |
A Modo de Conclusión.-- |
| -- |
Referencias.-- |
| -- |
Glosario. |
| 590 ## - NOTA LOCAL (RLIN) |
| Nota local |
Inventariado 2023 / MF |
| 610 20 - PUNTO DE ACCESO ADICIONAL DE MATERIA--NOMBRE DE ENTIDAD CORPORATIVA |
| Nombre de entidad corporativa o nombre de jurisdicción como elemento de entrada |
Partido de la Liberación Dominicana |
| Subdivisión general |
Historia |
| Fuente del encabezamiento o término |
LIBRUNAM |
| 9 (RLIN) |
64153 |
| 650 #7 - PUNTO DE ACCESO ADICIONAL DE MATERIA--TÉRMINO DE MATERIA |
| Término de materia o nombre geográfico como elemento de entrada |
Partidos políticos |
| Subdivisión geográfica |
República Dominicana |
| Fuente del encabezamiento o término |
LIBRUNAM |
| 9 (RLIN) |
3367 |
| 651 #7 - PUNTO DE ACCESO ADICIONAL DE MATERIA--NOMBRE GEOGRÁFICO |
| Nombre geográfico |
República Dominicana |
| Subdivisión general |
Política y gobierno |
| Fuente del encabezamiento o término |
LIBRUNAM |
| 9 (RLIN) |
45 |
| 700 1# - PUNTO DE ACCESO ADICIONAL--NOMBRE DE PERSONA |
| Nombre de persona |
Pared Pérez, Reinaldo, |
| 9 (RLIN) |
50599 |
| Término indicativo de función/relación |
prologuista |
| Código de función/relación |
pr. |
| 910 ## - DATOS DE OPCIÓN DEL USUARIO (OCLC) |
| Datos de opción del usuario |
LP/Validado. Control de calidad MFF |
| 942 ## - ELEMENTOS DE PUNTO DE ACCESO ADICIONAL (KOHA) |
| Fuente del sistema de clasificación o colocación |
Dewey Decimal Classification |
| Tipo de ítem Koha |
Libro |